Transcontinental Countries - Extreme - Statistics

General Stats
  • This quiz has been taken 56 times
    38 since last reset
  • The average score is 25 of 27
Answer Stats
Hint Answer % Correct
Geographically Part North America, South America Panama
100%
Geographically and Politically Part Europe, Asia Russia
100%
Geographically and Politically Part Europe, Asia Turkey
100%
Geographically Part Europe, Asia, Africa, North America, South America, Oceania, Antarctica United Kingdom
100%
Geographically Part South America, Antarctica Argentina
96%
Geographically Part Oceania, Antarctica Australia
96%
Geographically Part South America, Oceania, Antarctica Chile
96%
Geographically Part Africa, Asia Egypt
96%
Geographically Part Europe, Africa, North America, South America, Oceania, Antarctica France
96%
Geographically Part Asia, Oceania Indonesia
96%
Geographically Part Europe, Asia Kazakhstan
96%
Geographically Part Europe, North America Netherlands
96%
Geographically Part Europe, Africa Spain
96%
Politically Part Europe, Asia Cyprus
92%
Geographically Part Europe, North America Denmark
92%
Geographically and Politically Part Europe, Asia Georgia
92%
Politically Part Europe, Asia Armenia
88%
Geographically and Politically Part Europe, Asia Azerbaijan
88%
Geographically Part Europe, Asia Greece
88%
Geographically Part Oceania, Antarctica New Zealand
88%
Geographically Part Europe, Antarctica Norway
88%
Geographically Part Asia, North America, Oceania United States
88%
Geographically Part Europe, Africa Portugal
84%
Geographically Part North America, South America Trinidad and Tobago
84%
Politically Part Asia, Oceania East Timor
80%
Geographically Part Asia, Oceania Japan
80%
Geographically Part Africa, Asia Yemen
80%
No matching quizzes found
Score Distribution
Percent of People with Each Score
Percentile by Number Answered
Your Score History
You have not taken this quiz since the last reset